[Event "Hamburg HSK Easter op"]
[Site "Hamburg"]
[Date "2024.03.31"]
[Round "5"]
[White "Malchereck, Zion"]
[Black "Grebita, Magnus"]
[Result "1-0"]
[WhiteElo "1891"]
[BlackElo "1701"]
[PlyCount "111"]
[EventDate "2024.03.29"]
[EventType "swiss"]
[EventRounds "7"]
[EventCountry "GER"]
[SourceTitle "CBM 219 Extra"]
[Source "ChessBase"]
[SourceDate "2024.05.31"]
[SourceVersion "1"]
[SourceVersionDate "2024.05.31"]
[SourceQuality "1"]

1. e4 e5 2. Nf3 Nc6 3. Bc4 Nf6 4. d3 Bc5 5. 0-0 d6 6. c3 Be6 7. Bxe6 fxe6 8. Qb3 Qc8 9. Ng5 Nd8 10. Nd2 h6 11. Ngf3 0-0 12. Qc2 Nc6 13. b4 Bb6 14. Nc4 Nd7 15. Qb3 Qe8 16. a4 a5 17. Nxb6 Nxb6 18. b5 Nd8 19. Be3 Nd7 20. Rae1 Qg6 21. Nd2 Nf6 22. f3 Nh5 23. d4 Nf4 24. Bxf4 exf4 25. c4 b6 26. c5 dxc5 27. dxc5 bxc5 28. Qc4 Nb7 29. Nb3 Rad8 30. Rd1 Rd6 31. Nxc5 Nxc5 32. Qxc5 Rfd8 33. Rxd6 Rxd6 34. Qc3 Rd7 35. Kh1 Qg5 36. Qxa5 Qc5 37. Qa8+ Kh7 38. Qc6 Qd4 39. Qxe6 Qd1 40. Rg1 Rd6 41. Qf5+ Kg8 42. a5 Qa4 43. Qc8+ Kh7 44. Qxc7 Rd1 45. Qb6 Rxg1+ 46. Qxg1 Qxb5 47. Qa1 Qa6 48. h3 g5 49. Kh2 Kg6 50. Qe5 Kh5 51. Qf5 Qa7 52. Qg4+ Kg6 53. Qe6+ Kh5 54. Qb6 Qd7 55. a6 Qd1 56. Qa5 1-0

[Event "Hamburg HSK Easter op"]
[Site "Hamburg"]
[Date "2024.03.30"]
[Round "3"]
[White "Braren, Ove Neelis"]
[Black "Grebita, Magnus"]
[Result "0-1"]
[WhiteElo "1667"]
[BlackElo "1701"]
[PlyCount "120"]
[EventDate "2024.03.29"]
[EventType "swiss"]
[EventRounds "7"]
[EventCountry "GER"]
[SourceTitle "CBM 219 Extra"]
[Source "ChessBase"]
[SourceDate "2024.05.31"]
[SourceVersion "1"]
[SourceVersionDate "2024.05.31"]
[SourceQuality "1"]

1. e4 e5 2. Nf3 Nc6 3. d4 exd4 4. Nxd4 Bc5 5. Be3 Qf6 6. c3 Nge7 7. Bc4 Ne5 8. Bb3 d6 9. h3 Bb6 10. Nd2 Qg6 11. Qe2 Qxg2 12. 0-0-0 Qg6 13. Rdg1 Qf6 14. Bg5 Qxf2 15. Qxf2 Nd3+ 16. Kc2 Nxf2 17. Bxf7+ Kxf7 18. Rf1 Bxd4 19. cxd4 Kg6 20. Rxf2 Kxg5 21. Rg1+ Kh6 22. Kd3 g6 23. h4 Bd7 24. Rgf1 Bb5+ 25. Nc4 d5 26. exd5 Nf5 27. Rf4 Bxc4+ 28. Kxc4 Ne3+ 29. Kc3 Nxf1 30. Rxf1 Rhf8 31. Re1 Rae8 32. Rc1 Re7 33. b4 Rf3+ 34. Kc4 Rf4 35. Kc5 b6+ 36. Kc6 Rxd4 37. Rf1 Rxb4 38. Rf2 Rc4+ 39. Kb5 Rc5+ 40. Kb4 Rxd5 41. Kc4 Rc5+ 42. Kd4 Rd7+ 43. Ke4 Rc4+ 44. Ke5 Rcd4 45. Ke6 c5 46. Rc2 c4 47. Rc3 b5 48. a3 a5 49. Rc1 b4 50. axb4 axb4 51. Rb1 c3 52. Rc1 Rc7 53. Ke5 Rd8 54. Ke4 c2 55. Ke3 Rd1 56. Rxc2 Rxc2 57. Ke4 b3 58. Ke3 b2 59. Kf3 b1R 60. Kg4 Rd4+ 0-1

[Event "GER-chT Lands U20"]
[Site "Hannover"]
[Date "2023.10.01"]
[Round "2"]
[White "Shevchenko, Igor1"]
[Black "Grebita, Magnus"]
[Result "1/2-1/2"]
[WhiteElo "1521"]
[BlackElo "1599"]
[PlyCount "91"]
[EventDate "2023.10.01"]
[EventType "team-swiss"]
[EventRounds "7"]
[EventCountry "GER"]
[SourceTitle "CBM 216 Extra"]
[Source "ChessBase"]
[SourceDate "2023.11.30"]
[SourceVersion "1"]
[SourceVersionDate "2023.11.30"]
[SourceQuality "1"]

1. d4 Nf6 2. c4 e6 3. Nf3 d5 4. Nc3 c6 5. cxd5 exd5 6. Bg5 Nbd7 7. e3 Qa5 8. Nd2 Bb4 9. Qc2 0-0 10. Bd3 h6 11. Bh4 Re8 12. 0-0 Bd6 13. a3 Qc7 14. Bg3 Bxg3 15. hxg3 Nb6 16. Rac1 Bg4 17. b4 a6 18. Rfe1 Re7 19. Bf5 Bxf5 20. Qxf5 Rae8 21. e4 dxe4 22. Ncxe4 Nxe4 23. Rxe4 Qd7 24. Qxd7 Nxd7 25. f3 Nf6 26. Rxe7 Rxe7 27. Kf2 Rd7 28. Nb3 Ne8 29. Rd1 Rd5 30. Na5 Nd6 31. g4 Kf8 32. Rd3 Ke7 33. Kg3 Kd7 34. a4 f5 35. Nb3 g5 36. Nc5+ Kc7 37. gxf5 Nxf5+ 38. Kf2 b6 39. Nb3 h5 40. g4 hxg4 41. fxg4 Ng7 42. Re3 Kd6 43. Kf3 Ne6 44. Re4 c5 45. bxc5+ bxc5 46. Rxe6+ 1/2-1/2